01882nam a22001937a 4500003000800000005001700008007000300025008004100028020001800069020001500087040001800102041000900120050001400129100002100143245008300164260005400247300004900301520133800350BJBSDDR20260514133140.0ta260514s2003 nyu||||| |||| 00| 0 eng d a9780375758959 a037575895X bspa cBJBSDDR aeng  bEv93 20031 aEveritt, Anthony10aCicero :bthe life and times of Rome's greatest politician / cAnthony Everitt aNew York : bRandom House Trade Paperbacks,c2003 axv, 364 páginas :billustrations ; c21 cm aJohn Adams said of Cicero, "All ages of the world have not produced a greater statesman and philosopher combined." Voltaire said of Cicero, "He taught us how to think." And yet Anthony Everitt’s authoritative yet accessible work is the first one-volume biography of the Roman statesman in over 25 years. He squared off against Caesar and was friends with young Brutus. He advised the legendary Pompey on his somewhat botched transition from military hero to politician. He lambasted Mark Antony and was master of the smear campaign, as feared for his wit as he was for exposing his opponents’ sexual peccadilloes. Brilliant, voluble, cranky, a genius of political manipulation but also a true patriot and idealist, Cicero was Rome’s most feared politician, one of the greatest lawyers and statesmen of all times. Machiavelli, Queen Elizabeth, John Adams and Winston Churchill all studied his example. No man has loomed larger in the political history of mankind. In this dynamic and engaging biography, Anthony Everitt plunges us into the fascinating, scandal-ridden world of ancient Rome in its most glorious heyday. Accessible to us through his legendary speeches but also through an unrivaled collection of unguarded letters to his close friend Atticus, Cicero comes to life here as a witty and cunning political operator.